| 000 | 00669nam a2200193 a 4500 | ||
|---|---|---|---|
| 020 | _a0878915494 (pbk.) | ||
| 082 | 0 | 0 |
_a519.4 _bNUM _cL-3, P-42 |
| 100 |
_aFogiel, M. _98629 |
||
| 245 | 0 | 4 |
_aThe Numerical analysis problem solver / _cstaff of Research and Education Association, M. Fogiel, director. |
| 260 |
_aNew York, N.Y. : _bREA, _cc1983. |
||
| 300 |
_axii, 883 p. : _bill. ; _c26 cm. |
||
| 500 | _aIncludes index. | ||
| 526 |
_a0 _b0 _c0 _d519_400000000000000_NUM |
||
| 650 | 0 |
_aMCE _9379 |
|
| 650 | 0 |
_aNumerical analysis _xProblems, exercises, etc. _939428 |
|
| 700 | 1 |
_aFogiel, M. _98629 |
|
| 710 | 2 |
_aResearch and Education Association. _936439 |
|
| 942 |
_2ddc _cBK |
||
| 999 |
_c543923 _d543923 |
||